Merawat pesakit dengan urut refleksi / (Record no. 2601)

000 -LEADER
fixed length control field nam a22 a 4500
003 - CONTROL NUMBER IDENTIFIER
control field AKMAL
005 - DATE AND TIME OF LATEST TRANSACTION
control field 20170517115625.0
008 - FIXED-LENGTH DATA ELEMENTS--GENERAL INFORMATION
fixed length control field 170517s1991 my 00 may d
020 ## - INTERNATIONAL STANDARD BOOK NUMBER
International Standard Book Number 9839017039 (Jil. 1: kkt.):
Terms of availability RM 3.00
020 ## - INTERNATIONAL STANDARD BOOK NUMBER
International Standard Book Number 9839017047 (Jil. 2: kkt.):
Terms of availability RM 3.00
020 ## - INTERNATIONAL STANDARD BOOK NUMBER
International Standard Book Number 9839017055 (Jil. 3: kkt.):
Terms of availability RM 4.00
040 ## - CATALOGING SOURCE
Original cataloging agency AKMAL
Transcribing agency AKMAL
082 04 - DEWEY DECIMAL CLASSIFICATION NUMBER
Classification number 615.822 SIL
090 ## - LOCALLY ASSIGNED LC-TYPE CALL NUMBER (OCLC); LOCAL CALL NUMBER (RLIN)
Classification number (OCLC) (R) ; Classification number, CALL (RLIN) (NR) 615.822
Local cutter number (OCLC) ; Book number/undivided call number, CALL (RLIN) SIL
245 ## - TITLE STATEMENT
Title Merawat pesakit dengan urut refleksi /
Statement of responsibility, etc. disusun semula oleh Nor Mawaddah Marjan
260 ## - PUBLICATION, DISTRIBUTION, ETC.
Place of publication, distribution, etc. Kuala Lumpur :
Name of publisher, distributor, etc. Darul Nu'man,
Date of publication, distribution, etc. 1991
300 ## - PHYSICAL DESCRIPTION
Extent 3jil. :
Other physical details il. ;
Dimensions 21cm
650 ## - SUBJECT ADDED ENTRY--TOPICAL TERM
Topical term or geographic name entry element Reflexotherapy
9 (RLIN) 5284
942 ## - ADDED ENTRY ELEMENTS (KOHA)
Source of classification or shelving scheme
Koha item type Book
Holdings
Withdrawn status Lost status Source of classification or shelving scheme Damaged status Not for loan Collection code Home library Current library Shelving location Date acquired Inventory number Total Checkouts Full call number Barcode Date last seen Price effective from Koha item type Date last checked out
          NON-FICTION AKMAL Melaka AKMAL Melaka PINJAMAN 17.05.2017 601922   615.822 SIL 201703446 17.05.2017 17.05.2017 Book  
          NON-FICTION AKMAL Melaka AKMAL Melaka PINJAMAN 17.05.2017 601921   615.822 SIL 201703374 17.05.2017 17.05.2017 Book  
          NON-FICTION AKMAL Melaka AKMAL Melaka PINJAMAN 17.05.2017 601920 3 615.822 SIL 201703373 30.10.2024 17.05.2017 Book 24.10.2024
Pusat Sumber Maklumat Dato' Haji Sarmin Md Hussin, Akademi Kastam Diraja Malaysia, Melaka
Tel: 06-2331106 | Faks: 06-2313787